ბათუმის შოთა რუსთაველის სახელმწიფო უნივერსიტეტის ბიბლიოთეკა

სიცოცხლის გადარჩენა (ბიბ.ჩანაწერი № 48436)

000 -LEADER
fixed length control field 00764nam a2200217Ia 4500
001 - CONTROL NUMBER
control field 15328
003 - CONTROL NUMBER IDENTIFIER
control field GE_BSU
008 - FIXED-LENGTH DATA ELEMENTS--GENERAL INFORMATION
fixed length control field 181216s||||||||xx |||||||||||||| ||und||
040 ## - CATALOGING SOURCE
Transcribing agency GE_BSU
080 ## - UNIVERSAL DECIMAL CLASSIFICATION NUMBER
Universal Decimal Classification number 821.353.1-1 +821.353.1-11
100 ## - MAIN ENTRY--PERSONAL NAME
Personal name ქურდიანი,ემელიან
245 ## - TITLE STATEMENT
Title სიცოცხლის გადარჩენა
245 ## - TITLE STATEMENT
Remainder of title ლექსები, ბალადები, პოემა
260 ## - PUBLICATION, DISTRIBUTION, ETC.
Place of publication, distribution, etc. [სუხუმი]
260 ## - PUBLICATION, DISTRIBUTION, ETC.
Name of publisher, distributor, etc. აფხაზეთის სახელგამი
260 ## - PUBLICATION, DISTRIBUTION, ETC.
Date of publication, distribution, etc. 1953
300 ## - PHYSICAL DESCRIPTION
Extent 177გვ.20სმ.
653 ## - INDEX TERM--UNCONTROLLED
Uncontrolled term ლექსები, ბალადები, პოემა
653 ## - INDEX TERM--UNCONTROLLED
Uncontrolled term სიცოცხლის გადარჩენა
942 ## - ADDED ENTRY ELEMENTS (KOHA)
Koha item type წიგნი
ეგზემპლარები
Withdrawn status Lost status Damaged status Not for loan Date acquired Barcode Date last seen Price effective from Koha item type
        2018-12-17 37860 2018-12-17 2018-12-17 წიგნი